🎶 Paroles "Ecrire pour ne pas mourir" Anne Sylvestre - Statistiques

Statistiques générales
  • Ce quiz a été pris 17 fois
  • Le résultat moyen est 234 sur 467
Statistiques - réponses
Mots % Correct
a
89%
à
89%
Ecrire
89%
Ecrire,
89%
m'
89%
n'
89%
ne
89%
pas
89%
ai
78%
c'
78%
J'
78%
j'
78%
je
78%
Je
78%
l'
78%
me
78%
mourir
78%
mourir.
78%
ou
78%
Ou
78%
pour
78%
Pour
78%
en
67%
En
67%
est
67%
Et
67%
et
67%
le
67%
ma
67%
mes
67%
s'
67%
ce
56%
Ce
56%
d'
56%
Dans
56%
dans
56%
de
56%
De
56%
des
56%
dire
56%
Dire
56%
les
56%
moi
56%
mon
56%
qu'
56%
Qu'
56%
Que
56%
que
56%
qui
56%
Qui
56%
sa
56%
se
56%
veux
56%
au
44%
bien
44%
coeur
44%
eau
44%
il
44%
ils
44%
important
44%
mots
44%
On
44%
on
44%
Oui
44%
plus
44%
Rien
44%
rien
44%
sois
44%
su
44%
tout
44%
un
44%
Un
44%
une
44%
vie
44%
vous
44%
amour
33%
avant
33%
blessée
33%
ces
33%
changer
33%
chaud
33%
déluge
33%
exister
33%
faire
33%
hier
33%
impression
33%
jour
33%
larmes
33%
lieu
33%
née
33%
nous
33%
oubli
33%
oublier
33%
pense
33%
recommencer
33%
soient
33%
souvent
33%
soyez
33%
stylo
33%
tenter
33%
toujours
33%
vais
33%
viennent
33%
ait
22%
chansons
22%
comprendrez
22%
débarrasser
22%
dédire
22%
défaire
22%
égoïste
22%
être
22%
faudra
22%
fidèle
22%
jamais
22%
même
22%
nos
22%
passant
22%
peu
22%
plaisir
22%
pleurer
22%
premier
22%
pris
22%
puis
22%
Quand
22%
refuge
22%
regretter
22%
ressembler
22%
revanche
22%
sachiez
22%
sans
22%
Sans
22%
sentir
22%
simple
22%
sourire
22%
soyons
22%
temps
22%
tendresse
22%
toutes
22%
trop
22%
trouvé
22%
voulu
22%
achève
11%
ans
11%
cent
11%
ceux
11%
colère
11%
crève
11%
délire
11%
dissoudre
11%
distraite
11%
écoute
11%
effrayé
11%
foutre
11%
honte
11%
joie
11%
juste
11%
mépris
11%
moins
11%
oreille
11%
passer
11%
plaît
11%
pourrait
11%
promenade
11%
quelques
11%
raconter
11%
regrets
11%
repos
11%
résiste
11%
rêves
11%
Sachez
11%
sagesse
11%
sauvée
11%
sombrer
11%
sont
11%
supporte
11%
tenir
11%
tournoyer
11%
triste
11%
vive
11%
vivre
11%
voir
11%
voudrais
11%
aller
0%
aperçoit
0%
arpente
0%
bienveillance
0%
bout
0%
compris
0%
critique
0%
décades
0%
dépêche
0%
écriture
0%
empêchent
0%
fête
0%
grimace
0%
habiller
0%
inquiétude
0%
inventer
0%
mettant
0%
plein
0%
presser
0%
recherche
0%
regarder
0%
sauver
0%
soigne
0%
solitudes
0%
tranquille
0%
Aucun quiz correspondant
Distribution des résultats
% des personnes avec chaque résultat
Percentile par nombre de réponses
Votre historique - résultats
Vous n’avez pas pris ce quiz